Geboren in Worms - Statistiken

Allgemein
  • Dieses Quiz wurde 18 mal gespielt
  • Das Durchschnittsergebnis liegt bei 2 aus 6
Antwortstatistiken
Hinweis Antwort % Korrekt
ehemaliger Fußballnationaltorwart (VfB Stuttgart, Schalke, Valencia und Hoffenheim) 1979 Timo Hildebrand
80%
400-Meter-Läuferin und Social Media Star 1998 Alica Schmidt
40%
Moderatorin der "heute"-Nachrichten im ZDF von 1998 bis 2021 1955 Petra Gerster
33%
Chemiker, Begründer der makromolekularen Chemie und Nobelpreisträger 1881 Hermann Staudinger
13%
Mitinhaberin des New Yorker Kaufhauses Macy's, verstarb zusammen mit ihrem Ehemann beim Untergang der Titanic 1849 Ida Straus
7%
Regiesseur einiger Werke der Augsburger Puppenkiste, "Katze mit Hut" "Kater Mikesch" 1939 Sepp Strubel
0%
Keine übereinstimmenden Quizze gefunden
Verteilung der Resultate
Anzahl Personen mit jedem Resultat
Perzentil nach korrekt beantworteten Fragen
Ihre Resultats-Entwicklung
Sie haben dieses Quiz noch nicht gespielt